| 000 -LEADER |
| fixed length control field |
03351cam a22003858i 4500 |
| 001 - CONTROL NUMBER |
| control field |
22356486 |
| 005 - DATE AND TIME OF LATEST TRANSACTION |
| control field |
20230418091739.0 |
| 008 - FIXED-LENGTH DATA ELEMENTS--GENERAL INFORMATION |
| fixed length control field |
211220s2022 enk b 001 0 eng |
| 010 ## - LIBRARY OF CONGRESS CONTROL NUMBER |
| LC control number |
2021061770 |
| 020 ## - INTERNATIONAL STANDARD BOOK NUMBER |
| International Standard Book Number |
9781032204642 |
| Qualifying information |
(hardback) |
| 020 ## - INTERNATIONAL STANDARD BOOK NUMBER |
| International Standard Book Number |
9781032204574 |
| Qualifying information |
(paperback) |
| 020 ## - INTERNATIONAL STANDARD BOOK NUMBER |
| Canceled/invalid ISBN |
9781003263678 |
| Qualifying information |
(ebook) |
| 040 ## - CATALOGING SOURCE |
| Original cataloging agency |
DLC |
| Language of cataloging |
eng |
| Description conventions |
rda |
| Transcribing agency |
DLC |
| 042 ## - AUTHENTICATION CODE |
| Authentication code |
pcc |
| 043 ## - GEOGRAPHIC AREA CODE |
| Geographic area code |
e-uk-en |
| 050 00 - LIBRARY OF CONGRESS CALL NUMBER |
| Classification number |
KD661 |
| Item number |
.H89 2022 |
| 082 00 - DEWEY DECIMAL CLASSIFICATION NUMBER |
| Classification number |
349.42 |
| Author Mark |
FRO |
| 100 1# - MAIN ENTRY--PERSONAL NAME |
| Personal name |
Frost, Tom |
| Titles and words associated with a name |
(Lecturer in Law) |
| Relator term |
author. |
| 9 (RLIN) |
111959 |
| 245 10 - TITLE STATEMENT |
| Title |
Unlocking the English legal system / |
| Statement of responsibility, etc. |
Tom Frost, Rebecca Huxley-Binns, Jacqueline Martin and Shaneez Mithani. |
| 250 ## - EDITION STATEMENT |
| Edition statement |
7th edition. |
| 263 ## - PROJECTED PUBLICATION DATE |
| Projected publication date |
2206 |
| 264 #1 - PRODUCTION, PUBLICATION, DISTRIBUTION, MANUFACTURE, AND COPYRIGHT NOTICE |
| Place of production, publication, distribution, manufacture |
Abingdon, Oxon ; |
| -- |
London : |
| Name of producer, publisher, distributor, manufacturer |
Routledge, |
| Date of production, publication, distribution, manufacture, or copyright notice |
2022. |
| 300 ## - PHYSICAL DESCRIPTION |
| Extent |
503 p. ; |
| Dimensions |
24 cm. |
| 490 0# - SERIES STATEMENT |
| Series statement |
Unlocking the law |
| 504 ## - BIBLIOGRAPHY, ETC. NOTE |
| Bibliography, etc. note |
Includes bibliographical references and index. |
| 505 0# - FORMATTED CONTENTS NOTE |
| Formatted contents note |
The sources of law -- The English legal system and European law -- The doctrine of judicial precedent -- Statutory interpretation -- Legal reasoning -- Civil courts -- Alternative dispute resolution -- Criminal courts and procedure -- Sentencing -- Appeals -- Funding -- Juries -- Lay magistrates -- The legal professions -- The judiciary -- Legal skills and examination preparation -- Ethics and law. |
| 520 ## - SUMMARY, ETC. |
| Summary, etc. |
"Unlocking the English Legal System will help you grasp the main concepts of the legal system in England and Wales with ease. Containing accessible explanations in clear and precise terms that are easy to understand, it provides an excellent foundation for learning and revising. This new edition offers a brand-new chapter on 'Ethics and Law' which details the duties and responsibilities of lawyers and introduces law students to the kinds of ethical dilemmas that they may encounter when they are lawyers. The up-to-date ongoing debates surrounding UK law are discussed, such as the impact Brexit and the coronavirus pandemic has and continues to have upon the English Legal System. Further detail on the devolution settlements in Northern Ireland, Scotland and Wales is provided as well as looking at the question of Scottish independence. Learn how to read cases and statutes, about career skills and interview preparation, and further information on how the new Solicitors Qualifying Examination (SQE) will operate and the reaction it's received from Law Schools. There is also focus on the impact of racism in the criminal justice system, the new Sentencing Code introduced in 2020, and how technology is changing the way the English Legal System operates. The books in the Unlocking the Law Series get straight to the point and offer clear and concise coverage of the law, broken-down into bite-size sections with regular recaps to boost your confidence. They provide complete coverage of both core and popular optional law modules, presented in an innovative, visual format"-- |
| Assigning source |
Provided by publisher. |
| 650 #0 - SUBJECT ADDED ENTRY--TOPICAL TERM |
| Topical term or geographic name entry element |
Law |
| Geographic subdivision |
England. |
| 9 (RLIN) |
12261 |
| 700 1# - ADDED ENTRY--PERSONAL NAME |
| Personal name |
Huxley-Binns, Rebecca, |
| Relator term |
author. |
| 9 (RLIN) |
111960 |
| 700 1# - ADDED ENTRY--PERSONAL NAME |
| Personal name |
Martin, Jacqueline, |
| Dates associated with a name |
1945- |
| Relator term |
author. |
| 9 (RLIN) |
12260 |
| 700 1# - ADDED ENTRY--PERSONAL NAME |
| Personal name |
Mithani, Shaneez, |
| Relator term |
author. |
| 9 (RLIN) |
111961 |
| 906 ## - LOCAL DATA ELEMENT F, LDF (RLIN) |
| a |
7 |
| b |
cbc |
| c |
orignew |
| d |
1 |
| e |
ecip |
| f |
20 |
| g |
y-gencatlg |
| 942 ## - ADDED ENTRY ELEMENTS (KOHA) |
| Source of classification or shelving scheme |
|
| Koha item type |
Book |